Hidrología del Ingeniero
| Main Author: | |
|---|---|
| Format: | Section = Libro |
| Language: | Undetermined Spanish |
| Published: |
Cuba
Ciencia y Técnica
1968
|
| Subjects: |
| LEADER | 00492nam a2200193Ia 4500 | ||
|---|---|---|---|
| 008 | 241007s9999||||xx |||||||||||||| ||und|| | ||
| 040 | |a BIBLIOTECA-RURC/ 627 R386 | ||
| 041 | |a spa | ||
| 082 | |a 627 R386 | ||
| 100 | 1 | |a Rémenieras, G. | |
| 245 | 1 | 0 | |a Hidrología del Ingeniero |
| 260 | |a Cuba |b Ciencia y Técnica |c 1968 | ||
| 300 | |a 514 p. :il. | ||
| 650 | 7 | |a HIDROMETEOROLOGÍA | |
| 650 | 7 | |b PRECIPITACIONES | |
| 650 | 7 | |c CUENCAS VERTIENTES. | |
| 942 | |c BK |2 ddc | ||
| 991 | |a TEXTO | ||
| 999 | |c 14490 | ||